000
00236nam a22001097a 4500
041
_a
ENG
245
_a
Regional Wood Energy Development Pragamme
260
_a
Bankok
_b
FAO
_c
1987
300
_a
52
650
_a
FAO (01)
856
_u
FAO (01)
999
_c
2999
_d
2999